000 00524nam a2200145 a 4500
001 000034790
005 20200930073915.0
008 111019s1943 cu 000 0 spa d
040 _aDO-SdBNP
_bspa
_cBNPHU
082 _axxxx
_bC669m
245 0 0 _aCódigo martiano o de ética nacional : /
_cseleccionado, adaptado y clasificado por Carlos A. Martínez-Fortun y Foyo.
260 _aLa Habana :
_bSeoane Fernández y Cía, Impresores,
_c1943.
300 _a429 p. ;
_c24 cm.
700 1 _aMartínez-Fortun y Foyo, Carlos A.
_960287
999 _c34281
_d34281